<?xml version="1.0" encoding="UTF-8"?>
<record
    xmlns:xsi="http://www.w3.org/2001/XMLSchema-instance"
    xsi:schemaLocation="http://www.loc.gov/MARC21/slim http://www.loc.gov/standards/marcxml/schema/MARC21slim.xsd"
    xmlns="http://www.loc.gov/MARC21/slim">

  <leader>00911cam a2200313 i 4500</leader>
  <controlfield tag="001">0000463</controlfield>
  <controlfield tag="003">DO-SdBNP</controlfield>
  <controlfield tag="005">20230517115505.0</controlfield>
  <controlfield tag="008">100514s 2004  sp ||| 000 f spa  </controlfield>
  <datafield tag="015" ind1=" " ind2=" ">
    <subfield code="a"> </subfield>
  </datafield>
  <datafield tag="017" ind1=" " ind2=" ">
    <subfield code="a"> </subfield>
    <subfield code="b"> </subfield>
  </datafield>
  <datafield tag="020" ind1=" " ind2=" ">
    <subfield code="a">9707310472</subfield>
  </datafield>
  <datafield tag="035" ind1=" " ind2=" ">
    <subfield code="a"> </subfield>
  </datafield>
  <datafield tag="040" ind1=" " ind2=" ">
    <subfield code="a">BPMSU</subfield>
    <subfield code="b">spa</subfield>
    <subfield code="c">BPMSU</subfield>
    <subfield code="e"> </subfield>
  </datafield>
  <datafield tag="080" ind1=" " ind2=" ">
    <subfield code="a"> </subfield>
  </datafield>
  <datafield tag="082" ind1=" " ind2="4">
    <subfield code="a">862.3</subfield>
    <subfield code="b">C146v 2004</subfield>
    <subfield code="2">22</subfield>
  </datafield>
  <datafield tag="100" ind1="1" ind2=" ">
    <subfield code="a">Calder&#xF3;n de la Barca, Pedro</subfield>
    <subfield code="d">1600&#x2013;1681</subfield>
  </datafield>
  <datafield tag="245" ind1="1" ind2="3">
    <subfield code="a">La vida es sue&#xF1;o /</subfield>
    <subfield code="c">Pedro Calder&#xF3;n de la Barca ; estudio y notas Bego&#xF1;a Alonso Monedero.</subfield>
  </datafield>
  <datafield tag="260" ind1=" " ind2=" ">
    <subfield code="a">M&#xE9;xico :</subfield>
    <subfield code="b">Suma de letras,</subfield>
    <subfield code="c">2004.</subfield>
    <subfield code="g"> </subfield>
  </datafield>
  <datafield tag="300" ind1=" " ind2=" ">
    <subfield code="a">239 p. ; </subfield>
    <subfield code="c">18 cm</subfield>
  </datafield>
  <datafield tag="490" ind1="0" ind2=" ">
    <subfield code="a">Punto de lectura,</subfield>
    <subfield code="v">300/3</subfield>
  </datafield>
  <datafield tag="500" ind1=" " ind2=" ">
    <subfield code="a">Edici&#xF3;n anotada y comentada</subfield>
  </datafield>
  <datafield tag="590" ind1=" " ind2=" ">
    <subfield code="6">Inventariado, 2022/VM</subfield>
  </datafield>
  <datafield tag="650" ind1=" " ind2="4">
    <subfield code="a">Teatro espa&#xF1;ol</subfield>
  </datafield>
  <datafield tag="650" ind1=" " ind2="4">
    <subfield code="a">Literatura esp&#xF1;ola </subfield>
  </datafield>
  <datafield tag="700" ind1="1" ind2=" ">
    <subfield code="a">Monedero, Bego&#xF1;a Alonso,</subfield>
    <subfield code="e">notas </subfield>
  </datafield>
  <datafield tag="910" ind1=" " ind2=" ">
    <subfield code="a">YLOCKWARD/VMateo V./Validado</subfield>
  </datafield>
  <datafield tag="942" ind1=" " ind2=" ">
    <subfield code="2">ddc</subfield>
    <subfield code="c">BK</subfield>
  </datafield>
  <datafield tag="952" ind1=" " ind2=" ">
    <subfield code="0">0</subfield>
    <subfield code="1">0</subfield>
    <subfield code="2">ddc</subfield>
    <subfield code="4">0</subfield>
    <subfield code="7">0</subfield>
    <subfield code="8">CG</subfield>
    <subfield code="a">BPMET</subfield>
    <subfield code="b">BPMET</subfield>
    <subfield code="d">2016-07-01</subfield>
    <subfield code="e">ALFAGUARA</subfield>
    <subfield code="o">BPMSU CG 862.3 C146v 2004</subfield>
    <subfield code="p">BPMSU16070001</subfield>
    <subfield code="r">2016-07-01</subfield>
    <subfield code="w">2016-07-01</subfield>
    <subfield code="y">BK</subfield>
  </datafield>
  <datafield tag="952" ind1=" " ind2=" ">
    <subfield code="0">0</subfield>
    <subfield code="1">0</subfield>
    <subfield code="2">ddc</subfield>
    <subfield code="4">0</subfield>
    <subfield code="7">0</subfield>
    <subfield code="8">CG</subfield>
    <subfield code="a">BPMET</subfield>
    <subfield code="b">BPMET</subfield>
    <subfield code="d">2018-04-02</subfield>
    <subfield code="e">SANTILLANA</subfield>
    <subfield code="o">BPMSU CG 862.3 C146v 2004</subfield>
    <subfield code="p">BPMSU18040002</subfield>
    <subfield code="r">2018-04-02</subfield>
    <subfield code="t">e.2</subfield>
    <subfield code="w">2018-04-02</subfield>
    <subfield code="y">BK</subfield>
  </datafield>
  <datafield tag="952" ind1=" " ind2=" ">
    <subfield code="0">0</subfield>
    <subfield code="1">0</subfield>
    <subfield code="2">ddc</subfield>
    <subfield code="4">0</subfield>
    <subfield code="7">0</subfield>
    <subfield code="8">CG</subfield>
    <subfield code="a">BPMET</subfield>
    <subfield code="b">BPMET</subfield>
    <subfield code="d">2018-04-02</subfield>
    <subfield code="e">SANTILLANA</subfield>
    <subfield code="o">BPMSU CG 862.3 C146v 2004</subfield>
    <subfield code="p">BPMSU18040003</subfield>
    <subfield code="r">2018-04-02</subfield>
    <subfield code="t">e.3</subfield>
    <subfield code="w">2018-04-02</subfield>
    <subfield code="y">BK</subfield>
  </datafield>
  <datafield tag="999" ind1=" " ind2=" ">
    <subfield code="c">10644</subfield>
    <subfield code="d">10644</subfield>
  </datafield>
</record>
